| 000 | 00892nam a2200253 a 4500 | ||
|---|---|---|---|
| 001 | BRCA_7455 | ||
| 005 | 20190320205837.0 | ||
| 008 | 110413s1952----nyua######---#000-0#eng-# | ||
| 041 | _aeng | ||
| 044 | _anyu | ||
| 050 | 4 |
_aN610 _b.A78 1952 |
|
| 245 | 1 | 0 |
_aArt treasures of The Metropolitan _ba selection from the European and Asiatic collections of The Metropolitan Museum of Art _cpresented by the curatorial staff ; foreword by F. H. Taylor ; introd. by E. A. Standen. |
| 260 |
_aNueva York _bH. N. Abrams _c1952 |
||
| 300 |
_a240 p. _bil. a color, 130 láminas |
||
| 500 | _aQ211 | ||
| 610 | 2 | 4 |
_aMetropolitan Museum of Art (Nueva York) _97537 |
| 650 | 1 | 4 |
_aArte _vExposiciones _96285 |
| 650 | 1 | 4 |
_aArte _xHistoria _918356 |
| 650 | 1 | 4 |
_aGalerías y museos _zEstados Unidos _97437 |
| 700 | 1 |
_aTaylor, F. H. _918357 |
|
| 700 | 1 |
_aStanden, E. A. _918358 |
|
| 902 | _aGFM | ||
| 942 |
_2lcc _cB |
||
| 999 |
_c7131 _d7131 |
||